| 000 | 01639nam a2200373 c 4500 | ||
|---|---|---|---|
| 003 | BLK | ||
| 005 | 20180422104359.0 | ||
| 008 | 180408b bul|||||r ||||||| ||bul|| | ||
| 010 | _aKNG00091796000 | ||
| 020 |
_a954-9666-40-9 _bиздат.: Мед. изд. Райков |
||
| 040 | _aBLK | ||
| 041 |
_aBUL _cBUL |
||
| 080 |
_aАнатомия. Вж и 572 ; 591.4 ; 616.1/.9 ; 343.9 ; 743 _b611 _x(075.8) _z611(075.8) |
||
| 100 | 1 |
_aБалтаджиев, Георги Атанасов _eпърви автор _9368040 |
|
| 700 | 1 |
_aАтанасова, П. _e* _9302619 |
|
| 700 | 1 |
_aКоева, И. _e* _9302620 |
|
| 700 | 1 |
_aСивков, Ст. _e* _9302621 |
|
| 139 |
_aАнатомия на човека _bА 64 |
||
| 245 | 1 | 0 |
_aАнатомия на човека _bЗа студенти по медицина и стоматология _cГеорги Атанасов Балтаджиев; * П. Атанасова; * И. Коева; * Ст. Сивков. |
| 250 | _a3. доп. изд. | ||
| 257 | _aBGR | ||
| 260 |
_аПловдив _bМед. изд. Райков _c2006 |
||
| 300 |
_a634 с. _bс ил. _c29 см |
||
| 380 | _a61 | ||
| 500 | _aДруги авт.: П. Атанасова, И. Коева, Ст. Сивков. - 1. изд. 1999 с авт. Г. Балтаджиев. - Доп. тир. 2010 г. | ||
| 650 | 4 |
_aАнатомия - учебници за ВУЗ _9241831 |
|
| 653 | _aанатомия | ||
| 653 | _aучебници за ВУЗ | ||
| 852 | _aЦб ІІ 15837 | ||
| 856 | 4 |
_qpdf _u |
|
| 856 | 4 |
_qpdf _u |
|
| 942 |
_cKNG _n0 |
||
| 944 |
_aCR _c02.10.2009 _lф / _kВиолета_Тройчева |
||
| 944 |
_aED _c11.10.2016 _lф / _kВиолета_Тройчева |
||
| 999 |
_c87166 _d87166 |
||